Men in Glasses Quiz Stats

 Plays Quiz Updated Jul 5, 2014

Challenge
Share
Tweet
Score 0/20 Timer 05:00
15 Plays Today
% Correct
Brad Pitt
95.9%
Elvis Presley
91%
Matt Damon
89.7%
Steve Martin
85.3%
Eminem
82.5%
Woody Allen
80.4%
Richard Gere
78.7%
Jay-Z
77.7%
Elijah Wood
74.2%
Hugh Laurie
71.7%
% Correct
David Beckham
63.9%
James Earl Jones
62.4%
Paul Rudd
60.5%
Chris Brown
57.3%
Alan Rickman
51.9%
Jon Hamm
47.7%
Martin Scorsese
45.6%
Joseph Gordon-Levitt
44.2%
Josh Hartnett
33.8%
Matt Bomer
19.3%

You're not logged in!

Compare scores with friends on all Sporcle quizzes.
Join for Free
OR
Log In

You Might Also Like...

Show Comments

Extras

Top Quizzes Today


Score Distribution

Your Account Isn't Verified!

In order to create a playlist on Sporcle, you need to verify the email address you used during registration. Go to your Sporcle Settings to finish the process.

Report this User

Report this user for behavior that violates our Community Guidelines.

Details: